Land Compensation Act 1961, Section 5: More or less clarity? (Record no. 84723)

MARC details
000 -LEADER
fixed length control field 00830cab a22002175a 4500
001 - CONTROL NUMBER
control field L158887
008 - FIXED-LENGTH DATA ELEMENTS--GENERAL INFORMATION
fixed length control field 150904e2015 xxk 000 0 eng d
035 ## - SYSTEM CONTROL NUMBER
System control number (Sirsi) u158887
041 0# - LANGUAGE CODE
Language code of text/sound track or separate title eng
100 1# - MAIN ENTRY--PERSONAL NAME
Personal name Roots, Guy
245 00 - TITLE STATEMENT
Title Land Compensation Act 1961, Section 5: More or less clarity?
260 ## - PUBLICATION, DISTRIBUTION, ETC.
Date of publication, distribution, etc. 2015
490 ## - SERIES STATEMENT
Series statement Rating and Valuation Reporter
Volume/sequential designation 55 (9) September 2015, 264-266(3)
520 ## - SUMMARY, ETC.
Summary, etc. Considers " J S Bloor (Wilmslow) Ltd v Homes and Communities Agency" [2015] EWCA Civ 540, 22 May 2015 which dealt with claims for compensation brought under Land Compensation Act 1961 s6 and planning assumptions.
590 ## - LOCAL NOTE (RLIN)
Local note KA
650 24 - SUBJECT ADDED ENTRY--TOPICAL TERM
Topical term or geographic name entry element BLOOR V HOMES AND COMMUNITIES AGENCY
650 24 - SUBJECT ADDED ENTRY--TOPICAL TERM
Topical term or geographic name entry element LAND COMPENSATION ACT 1961 S6
651 #4 - SUBJECT ADDED ENTRY--GEOGRAPHIC NAME
Geographic name United Kingdom
690 ## - LOCAL SUBJECT ADDED ENTRY--TOPICAL TERM (OCLC, RLIN)
Topical term or geographic name as entry element Compulsory purchase
9 (RLIN) 6228
942 ## - ADDED ENTRY ELEMENTS (KOHA)
Suppress in OPAC 0
Source of classification or shelving scheme Dewey Decimal Classification
Holdings
Withdrawn status Lost status Source of classification or shelving scheme Damaged status Not for loan Home library Current library Shelving location Date acquired Total Checkouts Full call number Barcode Date last seen Copy number Price effective from Koha item type
    Dewey Decimal Classification     London London Journal article 04/09/2015   L158887 158887-1001 06/08/2019 1 06/08/2019 Journal article